000 00262nam a2200109Ia 4500
005 20251222114342.0
008 251222s1900||||xx |||||||||||||| ||spa||
082 _aDVD0050/C76/2004
245 0 _aCapitan Sky y el mundo del maƱana
264 _bFilmauro
942 _cDVD
999 _c884
_d884